| 000 | 00564nam a22001817a 4500 | ||
|---|---|---|---|
| 005 | 20160908151346.0 | ||
| 010 | _aENG-115945 | ||
| 020 |
_a9789351866008 _c250.00 |
||
| 035 | _aEN-99477 | ||
| 037 | _aDBAD/PUB | ||
| 082 | _a921 | ||
| 100 | _aGaur, Anita | ||
| 245 |
_aThe life and times of Malala Yousafzai/ _cby Anita Gaur |
||
| 260 |
_aNew Delhi _bPrabhat prakashan _c2016 |
||
| 270 |
_a4/19 Asaf Ali road _bNew Delhi _e110002 _k+91-11-23289777 _mprabhatbooks@gmail.com |
||
| 300 |
_a168p.: _bb&w ill. _c24cm(Hb) |
||
| 942 |
_2ddc _cEN _h921 _mGAU |
||
| 999 |
_c103165 _d103165 |
||